RICS Draft Professional Standard - Secured lending valuation of properties in multi-storey, multi-occupancy residential buildings with cladding, 2nd Edition - UK (Record no. 122200)

MARC details
000 -LEADER
fixed length control field 01402nam a22002657a 4500
005 - DATE AND TIME OF LATEST TRANSACTION
control field 20250715094252.0
008 - FIXED-LENGTH DATA ELEMENTS--GENERAL INFORMATION
fixed length control field 250715t2025 xxk|||||o|||| 00| 0 eng d
041 ## - LANGUAGE CODE
Language code of text/sound track or separate title eng
110 ## - MAIN ENTRY--CORPORATE NAME
Corporate author Royal Institution of Chartered Surveyors
245 ## - TITLE STATEMENT
Title RICS Draft Professional Standard - Secured lending valuation of properties in multi-storey, multi-occupancy residential buildings with cladding, 2nd Edition - UK
Subtitle a consultation
Medium [Electronic resource]
260 ## - PUBLICATION INFORMATION
Place of publication London,
Publisher Royal Institution of Chartered Surveyors,
Date 14 July 2025
300 ## - PHYSICAL DESCRIPTION
Physical description 16p.
490 ## - SERIES TITLE
Series statement RICS Consultation
520 ## - ABSTRACT
Abstract This new draft 2nd edition twin aims are<br/><br/>1) to ensure the updated criteria is proportionate<br/><br/>2) to ensure the guidance reflects the latest legislation. Consultation opened 14 July 2025 closes 31 August 2025. <br/>
650 ## - KEYWORDS
Keywords CLADDING
650 ## - KEYWORDS
Keywords EXTERNAL WALL SYSTEMS
650 ## - KEYWORDS
Keywords VALUATION
650 ## - KEYWORDS
Keywords RESIDENTIAL PROPERTY
651 ## - SUBJECT ADDED ENTRY--GEOGRAPHIC NAME
Geographic name United Kingdom
690 ## - BROAD SUBJECT
Broad subject Valuation
9 (RLIN) 6273
710 ## - ADDED CORPORATE NAME
Added corporate author Royal Institution of Chartered Surveyors
856 ## - ONLINE RESOURCE
Uniform Resource Identifier <a href="https://consultations.rics.org/gf2.ti/-/1680418/253152453.1/PDF/-/Cladding%202nd%20edition%20-%20consultation%20draft.pdf">https://consultations.rics.org/gf2.ti/-/1680418/253152453.1/PDF/-/Cladding%202nd%20edition%20-%20consultation%20draft.pdf</a>
Public note View the consultation document on RICS.org
856 ## - ONLINE RESOURCE
Uniform Resource Identifier <a href="https://consultations.rics.org/cladding2nded/consultationHome">https://consultations.rics.org/cladding2nded/consultationHome</a>
Public note View the RICS iConsult homepage on cladding valuation 2nd edition
942 ## - ADDED ENTRY ELEMENTS (KOHA)
Suppress in OPAC Do not suppress in OPAC
Holdings
Lost status Damaged status Not for loan Current library Shelving location Date acquired Total Checkouts Full call number Date last seen Price effective from Koha item type
      Virtual Online 15/07/2025   iConsult 15/07/2025 15/07/2025 Online material